Рослини проти Зомбі. Задирака (Запис № 17180)

000 -Маркер запису
Контрольне поле сталої довжини 02655nam a22002537a 4500
003 - Належність контрольного номера
Контрольне поле Uzh_bibl
008 - Кодовані дані
Контрольне поле сталої довжини 260325b |||||||| |||| 00| 0 ukr d
020 ## - Індекс ISBN
ISBN 978-617-7884-07-0
Ціна 150.00
040 ## - Джерело каталогіз.
Код мови каталог. укр.
041 ## - Код мови видання
Код мови оригіналу англійська
Код мови тексту українська
080 ## - Індекс УДК
Індекс УДК 821(73):741.5
090 ## - Шифри
Поличний індекс 821(73):741.5
Авторський знак Т 56
100 ## - Автор
Автор Тобін,Пол
245 ## - Назва
Назва Рослини проти Зомбі. Задирака
Відповідальність пер.з англ.О.Романюк ;худож.Р.Чан
Фізичний носій Текст
260 ## - Вихідні дані
Місце видання Київ
Видавництво Туос Комікс
Дата видання 2022
300 ## - Фізичний опис
Обсяг 96 с.
Ілл./тип відтвор. іл.
Тип одиниці В опр.
490 ## - Серія
Назва серії Серія"Комікси Dark Horse"
№ тому Т.3
520 ## - Анотація
Анотація У МІСТЕЧКУ З’ЯВИЛАСЯ НОВА КОМАНДА ЗОМБІ. І ВОНИ ЖАДАЮТЬ РОЗПЛАТИ.<br/>Юні шукачі пригод Патріс і Нейт встигли помандрувати часом разом із захисником рідного району Шаленим Дейвом, але чи готові вони боронити вулиці від зомбі з вищою освітою?!<br/><br/>У коміксі «Plants vs. Zombies: Задирака» вони вкотре спробують здолати доктора Зомбоса — а заразом і новоявлену команду зомбі, налаштовану перевершити мерзенний задум доктора Зомбоса, утіливши власний, ще мерзенніший задум! Пол Тобін (Prometheus, Bandette) і Рон Чан (The Guild, X-Men) об’єднують зусилля із загадковим немертвим Загоном по боротьбі з задираками, щоб принести вашій компанії веселу історію для всіх поколінь! Містить спеціальні бонусні історії, проілюстровані визнаними творцями: Дастіном Нгуєном, Дженніфер Л. Меєр і Пітером Беґґом, а також історію до Дня безкоштовних коміксів 2015 року!<br/>«Книшки понукають вчити… вчити всілякі штуки з книшки. Зомбі ліпші за рослини, не читайте частини про рослини, вони не добрі. Погані частини.
521 ## - Примітка про цільове призначення
Примітка про цільове призначення Для молодшого шкільного віку
546 ## - Примітка про мову
Примітка про мову укр.
650 ## - Тематичні рубрики
Основна рубрика Літературно-художне видання
655 ## - Термін індексування — жанр/форма
Жанр/форма Фантастика
Типове ділення графічні комікси
942 ## - ADDED ENTRY ELEMENTS (KOHA)
Джерело класифікації чи схема поличного розташування
Koha item type Книги
Фонди
Статус вилучення Статус втрати/відсутності Джерело класифікації чи схема поличного розташування Статус пошкодження Тип обігу (не для випозичання) Постійне розташування Поточне розташування Розташування у відділі Дата надходження Джерело надходження (постачальник) Інвентарний номер Повний (примірниковий) шифр зберігання Штрих-код Date last seen Дата, для якої чинна ціна заміни Тип одиниці (рівень примірника)
          Бібліотека-філія №2 Бібліотека-філія №2 Абонемент молодший відділ 16/03/2026 Подаровані 80817 821(73):741.5 19270 25/03/2026 17/03/2026 Книги

Працює на АБІС Коха